Hodnotenie fondov

Hodnotenie fondov ako trvalá súčasť činnosti správcov fondov. Výkonnosť fondov. Kvantitatívne a kvalitatívne ukazovatele pri hodnotení fondov. Riziko. Pojem volatilita a Sharpe ratio. Konzistentnosť výkonnosti fondu. Relatívna výkonnosť. Náklady fondu. Veľkosť, termín založenia a investičná strat...

Descrizione completa

Salvato in:
Dettagli Bibliografici
Autore principale: Pilch, Ctibor, 1957-
Natura: Capitolo di libro
Lingua:slovacco
Soggetti:
Tags: Aggiungi Tag
Nessun Tag, puoi essere il primo ad aggiungerne!!

MARC

LEADER 00000nla$a2200000$$$4500
001 0026589
005 20240502071426.4
041 0 |a slo 
044 |a SK 
245 1 0 |a Hodnotenie fondov  |c Ctibor Pilch 
520 |a Hodnotenie fondov ako trvalá súčasť činnosti správcov fondov. Výkonnosť fondov. Kvantitatívne a kvalitatívne ukazovatele pri hodnotení fondov. Riziko. Pojem volatilita a Sharpe ratio. Konzistentnosť výkonnosti fondu. Relatívna výkonnosť. Náklady fondu. Veľkosť, termín založenia a investičná stratégia fondu. 
610 2 0 |a fondy dlhopisové 
610 2 0 |a fondy finančné 
610 2 0 |a fondy investičné 
610 2 0 |a výkonnosť 
610 2 0 |a trh finančný 
610 2 0 |a spoločnosti správcovské 
610 2 0 |a riziko 
610 2 0 |a investovanie 
610 2 0 |a analýza korelačná 
100 1 |a Pilch, Ctibor, 1957-